000 00569cam a22002053a 4500
001 45746
003 PGUSA
005 20140828084048.0
008 140524s2014||||xxu|||||s|||||000 | eng d
040 _aPGUSA
_beng
042 _adc
100 1 _aCole, Thomas R.
245 1 0 _aLearning to Be a Schoolmaster
_h[electronic resource] /
_cThomas R. Cole
260 _bProject Gutenberg,
_c2014
506 _aPublic domain in the USA.
516 _aElectronic text
830 0 _aProject Gutenberg
_v45746
856 4 0 _uhttp://www.gutenberg.org/ebooks/45746
942 _cEB
999 _c274996
_d274996